Nachlaá 1880-1882 /
Guardado en:
| Autor Principal: | |
|---|---|
| Formato: | Libro |
| Publicado: |
MÜnchen :
Deutscher Taschenbuch Verlag; De Gruyter,
1999
|
| Series: | Kritische Studienausgabe, 9
|
| Materias: | |
| Etiquetas: |
Agregar Etiqueta
Sin Etiquetas, Sea el primero en etiquetar este registro!
|
| LEADER | 00660nam a22002055a 4500 | ||
|---|---|---|---|
| 001 | EHU.bham024002 | ||
| 003 | AR-BHAM | ||
| 005 | 20130507105436.0 | ||
| 008 | 130507s1999##################000#0#####d | ||
| 082 | 1 | 9 | |a 193 |
| 100 | 1 | |a Nietzsche, Federico | |
| 245 | 1 | 0 | |a Nachlaá 1880-1882 / |c Federico Nietzsche |
| 260 | |a MÜnchen : |b Deutscher Taschenbuch Verlag; De Gruyter, |c 1999 | ||
| 300 | |a 687 p. | ||
| 490 | 0 | |a Kritische Studienausgabe, 9 | |
| 500 | |a Ed. Por Giorgio Colli Y Mazzimo Montinari | ||
| 653 | |a Filosofia moderna occidental | ||
| 653 | |a Filosofia alemana | ||
| 653 | |a Nietzsche | ||
| 859 | |a AR-BHAM |b BIB. HUMANIDADES - General |h 193 |i N558-19 |p 578.01 |t Ej.1 |v 9 |3 9 | ||
